The ad makers: how the best tv comercials are produced (Record no. 90756)
[ view plain ]
| 000 -LEADER | |
|---|---|
| fixed length control field | 00453nam a2200181Ia 4500 |
| 003 - CONTROL NUMBER IDENTIFIER | |
| control field | STCL |
| 008 - FIXED-LENGTH DATA ELEMENTS--GENERAL INFORMATION | |
| fixed length control field | 230729s9999 xx 000 0 und d |
| 020 ## - INTERNATIONAL STANDARD BOOK NUMBER | |
| International Standard Book Number | 9781781570326 |
| 040 ## - CATALOGING SOURCE | |
| Original cataloging agency | STCL |
| Transcribing agency | STCL |
| Language of cataloging | EN |
| 082 ## - DEWEY DECIMAL CLASSIFICATION NUMBER | |
| Edition number | 22 |
| 100 ## - MAIN ENTRY--PERSONAL NAME | |
| Personal name | Newth, Tom Von Logue |
| 245 #4 - TITLE STATEMENT | |
| Title | The ad makers: how the best tv comercials are produced |
| 260 ## - PUBLICATION, DISTRIBUTION, ETC. (IMPRINT) | |
| Name of publisher, distributor, etc. | Ilex |
| Place of publication, distribution, etc. | East Sussex |
| Date of publication, distribution, etc. | 2013 |
| 300 ## - PHYSICAL DESCRIPTION | |
| Extent | 176 p |
| 365 ## - TRADE PRICE | |
| Price note | 19.99 EUR |
| 546 ## - LANGUAGE NOTE | |
| Language note | English |
| 942 ## - ADDED ENTRY ELEMENTS (KOHA) | |
| Source of classification or shelving scheme | |
| Edition | |
| Koha item type | Book |
| Withdrawn status | Lost status | Source of classification or shelving scheme | Damaged status | Not for loan | Home library | Current library | Shelving location | Date acquired | Total Checkouts | Full call number | Barcode | Date last seen | Price effective from | Koha item type |
|---|---|---|---|---|---|---|---|---|---|---|---|---|---|---|
| Santhome Athenaeum | Santhome Athenaeum | General Stacks | 29/07/2023 | 659.1 NEW-A | J01434 | 29/07/2023 | 29/07/2023 | Book |